[Event "34th Chess Olympiad (women)"]
[Site "Istanbul"]
[Date "2000.11.01"]
[Round "5.12.2"]
[White "Dengler, Dijana"]
[Black "Jackova, Jana"]
[WhiteElo "2120"]
[BlackElo "2358"]
[WhiteCountry "BIH"]
[BlackCountry "CZE"]
[Result "1/2-1/2"]

1. d4 d5 2. c4 dxc4 3. e4 e5 4. Nf3 exd4 5. Bxc4 Nc6 6. O-O Be6 7. Bxe6 fxe6 
8. Qb3 Qd7 9. Qxb7 Rb8 10. Qa6 Nf6 11. Nbd2 Bb4 12. Qd3 Bxd2 13. Bxd2 Rxb2 
14. Bc1 Rb6 15. Ba3 Nb4 16. Qc4 a5 17. Nxd4 O-O 18. f3 Rd8 19. Nb3 Rc6 
20. Qb5 Rc2 21. Qxd7 Rxd7 22. Bxb4 axb4 23. Rfc1 Rb2 24. Rcb1 Rc2 25. Rc1 Rb2 
26. Rcb1 
1/2-1/2

[Event "34th Chess Olympiad (women)"]
[Site "Istanbul"]
[Date "2000.11.01"]
[Round "5.12.3"]
[White "Ptacnikova, Lenka"]
[Black "Hasurdzic, Mirna"]
[WhiteElo "2232"]
[BlackElo "2000"]
[WhiteCountry "CZE"]
[BlackCountry "BIH"]
[Result "1-0"]

1. e4 c6 2. d4 d5 3. Nd2 dxe4 4. Nxe4 Nd7 5. Ng5 Ngf6 6. Bd3 e6 7. Qe2 Bd6 
8. N1f3 h6 9. Ne4 Nxe4 10. Qxe4 Qc7 11. Qg4 Kf8 12. O-O c5 13. Re1 b6 
14. Bd2 c4 15. Bf1 Bb7 16. Qh3 Bd5 17. Bc3 b5 18. a3 Nf6 19. Bb4 a5 
20. Bxd6+ Qxd6 21. Ne5 Nd7 22. a4 Nxe5 23. dxe5 Qc5 24. axb5 Qxb5 25. b3 Qc6 
26. bxc4 Bxc4 27. Qc3 Bd5 28. Qa3+ Kg8 29. c4 Be4 30. Qc3 a4 31. Ra3 Kh7 
32. Rxe4 
1-0

[Event "34th Chess Olympiad (women)"]
[Site "Istanbul"]
[Date "2000.11.01"]
[Round "5.14.1"]
[White "Ostry, Irina"]
[Black "Fierro, Martha"]
[WhiteElo "2238"]
[BlackElo "2338"]
[WhiteCountry "KGZ"]
[BlackCountry "ECU"]
[Result "1/2-1/2"]

1. Nf3 g6 2. g3 Bg7 3. Bg2 Nf6 4. O-O O-O 5. c4 c6 6. Nc3 d6 7. d3 Qa5 8. e4 a6 
9. Bd2 Qh5 10. Nh4 Qxd1 11. Rfxd1 Nbd7 12. h3 b5 13. Be3 Rb8 14. Rab1 Ne8 
15. Nf3 bxc4 16. dxc4 Bxc3 17. bxc3 Rxb1 18. Rxb1 c5 19. Nd2 Nc7 20. Nb3 Nb6 
21. Na5 Nca8 22. e5 Be6 23. Bxa8 Nxa8 24. g4 Kg7 25. exd6 exd6 26. Rd1 Nb6 
27. Rxd6 Na4 28. Rxa6 Rd8 29. Kh2 Nxc3 30. Bxc5 Nxa2 31. Ra7 Rd3 32. Be3 Nb4 
33. Bc1 Kf8 34. Bh6+ Ke8 35. Bg5 h5 36. Rb7 Ra3 37. Rxb4 Rxa5 38. Rb8+ Kd7 
39. Be3 Bxc4 40. Kg3 hxg4 
1/2-1/2

[Event "34th Chess Olympiad (women)"]
[Site "Istanbul"]
[Date "2000.11.01"]
[Round "5.14.2"]
[White "Vasquez, Rocio"]
[Black "Sabirova, S"]
[WhiteElo "2235"]
[BlackElo "2131"]
[WhiteCountry "ECU"]
[BlackCountry "KGZ"]
[Result "1-0"]

1. e4 d5 2. exd5 Qxd5 3. d4 Nf6 4. Nc3 Qa5 5. Nf3 c6 6. Bc4 Bf5 7. a3 e6 
8. O-O Bd6 9. Re1 O-O 10. Ne5 Nbd7 11. Bf4 Qc7 12. Bg3 Rad8 13. Qe2 Qb6 
14. Bb3 Bxe5 15. dxe5 Nd5 16. Na4 Qa5 17. c4 N5b6 18. Nc3 Nc5 19. Bc2 Nd3 
20. b4 Qa6 21. b5 Qa5 22. Bxd3 Bxd3 23. Qb2 Nxc4 24. Qb4 c5 25. Qxa5 Nxa5 
26. Bh4 Rd7 27. Rad1 Re8 28. Ne4 Bxb5 29. Nd6 Ba4 30. Rc1 Rf8 31. Rxc5 b6 
32. Rc3 f6 33. f4 g5 34. fxg5 fxe5 35. Ne4 Rd4 36. Bg3 Nc4 37. Nf6+ Kg7 
38. Bf2 Bb5 39. a4 Ba6 40. Bxd4 exd4 41. Rh3 e5 42. Rxh7+ Kg6 43. Rxa7 Bc8 
44. Rc7 Be6 45. Rc6 Kf7 46. g6+ Kg7 47. Nh5+ Kxg6 48. Rxe6+ Kxh5 49. Rc1 Rc8 
50. Rxe5+ Nxe5 51. Rxc8 Kg4 52. Re8 Kf4 53. Rxe5 Kxe5 54. Kf2 
1-0

[Event "34th Chess Olympiad (women)"]
[Site "Istanbul"]
[Date "2000.11.01"]
[Round "5.14.3"]
[White "Lim, Greta"]
[Black "Alcivar, Ingrid"]
[WhiteElo "2000"]
[BlackElo "2127"]
[WhiteCountry "KGZ"]
[BlackCountry "ECU"]
[Result "1/2-1/2"]

1. d4 d5 2. c4 c6 3. e3 Nf6 4. Nc3 e6 5. Nf3 Be7 6. Bd3 Nbd7 7. O-O O-O 
8. cxd5 exd5 9. Rb1 a5 10. Qc2 Bd6 11. Na4 Qc7 12. h3 h6 13. a3 Re8 14. Nd2 Nf8 
15. Nc5 b6 16. Na4 Bd7 17. b4 axb4 18. axb4 Qa7 19. Nc3 Ne6 20. Bf5 Ng5 
21. h4 Bxf5 22. Qxf5 Nge4 23. Ncxe4 Nxe4 24. Nxe4 Rxe4 25. h5 Qa2 26. Rb2 Qa3 
27. Qd7 Re6 28. Rc2 Qa4 29. Rb2 Bxb4 30. Qb7 Ree8 
1/2-1/2

[Event "34th Chess Olympiad (women)"]
[Site "Istanbul"]
[Date "2000.11.01"]
[Round "5.15.1"]
[White "Kachiani-Gersinska, Ketino"]
[Black "Berezina, Irina"]
[WhiteElo "2448"]
[BlackElo "2304"]
[WhiteCountry "GER"]
[BlackCountry "AUS"]
[Result "1-0"]

1. d4 Nf6 2. c4 g6 3. Nc3 Bg7 4. e4 d6 5. Be2 O-O 6. Bg5 c5 7. d5 e6 
8. Qd2 exd5 9. exd5 Qb6 10. Nf3 Bf5 11. Nh4 Ne4 12. Nxe4 Bxe4 13. f3 Qxb2 
14. Rc1 Qxd2+ 15. Kxd2 Bf5 16. Nxf5 gxf5 17. Rb1 b6 18. Bd3 Nd7 19. Be7 Rfe8 
20. Bxd6 Ne5 21. Rhe1 f4 22. Kc2 Rad8 23. Bc7 Rd7 24. d6 Rxc7 25. dxc7 Rc8 
26. Re4 Rxc7 27. Rxf4 Nc6 28. Be4 Nd4+ 29. Kd3 h5 30. Bd5 Bh6 31. Re4 Kg7 
32. Rbe1 Bg5 33. Re5 Kg6 34. Re8 Bf6 35. g4 hxg4 36. Rg1 Rd7 37. Rxg4+ Kh5 
38. Rf4 Kg5 39. Ke4 Ne6 40. h4+ Kg6 41. h5+ Kg7 42. h6+ Kg6 43. Rg8+ Kh7 
44. Rxf6 
1-0

[Event "34th Chess Olympiad (women)"]
[Site "Istanbul"]
[Date "2000.11.01"]
[Round "5.15.2"]
[White "Phan-Koshnitsky, Ngan"]
[Black "Paehtz, Elisabeth"]
[WhiteElo "2157"]
[BlackElo "2343"]
[WhiteCountry "AUS"]
[BlackCountry "GER"]
[Result "1/2-1/2"]

1. d4 Nf6 2. Nf3 c5 3. c3 e6 4. Bg5 h6 5. Bh4 b6 6. e3 Bb7 7. Nbd2 Be7 
8. Bd3 d6 9. Qe2 Nbd7 10. Bg3 Nh5 11. e4 a6 12. a4 Qc7 13. O-O Ndf6 
14. Rfe1 Nxg3 15. hxg3 e5 16. dxe5 dxe5 17. Nc4 Ng4 18. Nh4 Bxh4 19. Qxg4 Bf6 
20. Ne3 h5 21. Qf3 h4 22. g4 Rd8 23. Rad1 Qc6 24. Nd5 O-O 25. b3 Bc8 26. Qe2 a5 
27. g5 Bxg5 28. Qh5 Bf6 29. f4 g6 30. Qh6 exf4 31. Qxf4 Kg7 32. Rf1 c4 
33. Bxc4 Qd6 34. Qxf6+ Qxf6 35. Rxf6 Rxd5 36. Rxg6+ fxg6 37. exd5 Bf5 
38. Re1 Kf6 39. Bb5 Rd8 40. Bc6 g5 41. b4 Bd3 42. Re6+ Kf5 43. Bb7 g4 
44. Kf2 g3+ 45. Kf3 Bc2 46. Bc6 Bb3 47. Ke3 Bc2 48. Re7 Kf6 49. Re6+ Kf5 
1/2-1/2

[Event "34th Chess Olympiad (women)"]
[Site "Istanbul"]
[Date "2000.11.01"]
[Round "5.15.3"]
[White "Koglin, Anke"]
[Black "Dekic, Biljana N"]
[WhiteElo "2302"]
[BlackElo "2104"]
[WhiteCountry "GER"]
[BlackCountry "AUS"]
[Result "1-0"]

1. e4 c5 2. Nf3 d6 3. d4 cxd4 4. Nxd4 Nf6 5. Nc3 a6 6. Be2 e6 7. a4 Qc7 
8. a5 Nc6 9. Nb3 Nb4 10. O-O Bd7 11. Be3 Rc8 12. f4 Be7 13. Bd3 h5 14. Qe2 Qb8 
15. Na4 Nxd3 16. cxd3 Bxa4 17. Rxa4 d5 18. e5 Ng4 19. Bb6 g6 20. Raa1 O-O 
21. h3 Nh6 22. g4 h4 23. Be3 Kh7 24. Qd2 Ng8 25. Qf2 Qc7 26. Nd4 Kg7 
27. Rfc1 Qd8 28. f5 Rxc1+ 29. Rxc1 Qxa5 30. f6+ Nxf6 31. exf6+ Bxf6 32. g5 Be7 
33. Bf4 Kg8 34. Qxh4 f6 35. Be3 e5 36. Ne6 fxg5 37. Qh6 Kf7 38. Nxf8 Bxf8 
39. Rf1+ 
1-0

[Event "34th Chess Olympiad (women)"]
[Site "Istanbul"]
[Date "2000.11.01"]
[Round "5.16.1"]
[White "Nepeina-Leconte, Maria"]
[Black "Macek, Vlasta"]
[WhiteElo "2289"]
[BlackElo "2277"]
[WhiteCountry "FRA"]
[BlackCountry "CRO"]
[Result "0-1"]

1. c4 c5 2. Nc3 Nc6 3. g3 g6 4. Bg2 Bg7 5. d3 e5 6. e3 Nge7 7. Nge2 d6 
8. Nd5 O-O 9. O-O Nxd5 10. cxd5 Ne7 11. Bd2 b5 12. d4 cxd4 13. exd4 exd4 
14. Bg5 h6 15. Bxe7 Qxe7 16. Nxd4 a6 17. Nc6 Qf6 18. a4 Qxb2 19. Rb1 Qf6 
20. Re1 bxa4 21. Qxa4 Bf5 22. Rbc1 Bd3 23. Bf1 Bxf1 24. Kxf1 Kh7 25. Kg2 Qf5 
26. Ne7 Qd3 27. h4 h5 28. Rc7 Rab8 29. Re3 Qb5 30. Qe4 Rb7 31. Rxb7 Qxb7 
32. g4 Be5 33. Nc6 f5 34. gxf5 Rxf5 35. Rf3 Rxf3 36. Qxf3 Bg7 37. Qe4 Qf7 
38. Ne7 Be5 39. Nc6 Qf4 40. Qd3 Bf6 41. Qe2 Bxh4 42. Ne7 Qg5+ 
0-1

[Event "34th Chess Olympiad (women)"]
[Site "Istanbul"]
[Date "2000.11.01"]
[Round "5.16.2"]
[White "Jelica, Mara"]
[Black "Flear, Christine"]
[WhiteElo "2192"]
[BlackElo "2230"]
[WhiteCountry "CRO"]
[BlackCountry "FRA"]
[Result "1-0"]

1. e4 c5 2. Nf3 Nc6 3. d4 cxd4 4. Nxd4 Qc7 5. Nc3 e6 6. Be2 a6 7. O-O Nf6 
8. Kh1 Nxd4 9. Qxd4 Bc5 10. Qd3 b5 11. f4 Bb7 12. Bf3 h5 13. e5 Ng4 
14. Bxb7 Qxb7 15. Ne4 Be7 16. Be3 Rc8 17. c3 h4 18. h3 Nh6 19. Bf2 Nf5 
20. Kh2 O-O 21. Qf3 Qc6 22. Rad1 Rc7 23. Rd3 Rb8 24. b3 a5 25. Rfd1 Qb7 
26. Qe2 Rbc8 27. Qe1 a4 28. Ng5 Bxg5 29. fxg5 axb3 30. axb3 Ra8 31. g6 fxg6 
32. Bxh4 Ra2 33. Bf2 Rb2 34. b4 Rc2 35. Ra1 Nh4 36. Qf1 R7xc3 37. Rxc3 Rxc3 
38. Bxh4 Qe4 39. Qe1 Re3 40. Qc1 Qxe5+ 41. Kg1 Qe4 42. Bf2 Re2 43. Qc8+ Kh7 
44. Qxd7 Qxb4 45. Qf7 Qd2 46. Ra8 Re4 47. Qg8+ Kh6 48. Qh8+ Kg5 49. Qxg7 Qc1+ 
50. Kh2 Qf4+ 51. Bg3 Qf6 52. h4+ Kf5 53. Rf8 
1-0

[Event "34th Chess Olympiad (women)"]
[Site "Istanbul"]
[Date "2000.11.01"]
[Round "5.16.3"]
[White "Te-Lallemand, Rosa"]
[Black "Bazaj-Bockai, Snjezana"]
[WhiteElo "2289"]
[BlackElo "2162"]
[WhiteCountry "FRA"]
[BlackCountry "CRO"]
[Result "1-0"]

1. e4 c5 2. Nf3 e6 3. d4 cxd4 4. Nxd4 Nf6 5. Nc3 d6 6. Be2 Be7 7. O-O O-O 
8. Kh1 Nc6 9. Be3 a6 10. f4 Qc7 11. Qe1 Bd7 12. Qg3 b5 13. a3 Nxd4 14. Bxd4 Bc6 
15. Rae1 Rfd8 16. Bd3 Rac8 17. e5 dxe5 18. Bxe5 Qb7 19. Ne4 Nh5 20. Qh3 g6 
21. Re2 a5 22. Ng5 b4 23. axb4 axb4 24. Nxf7 Kxf7 25. f5 exf5 26. Bxf5 Ke8 
27. Bxc8 Qb5 28. Bg4 Rd5 29. Bxh5 Bd7 30. Bxg6+ Kd8 31. Qxh7 Qxe2 32. Qg8+ 
1-0

[Event "34th Chess Olympiad (women)"]
[Site "Istanbul"]
[Date "2000.11.01"]
[Round "5.17.1"]
[White "Vovk, Oksana"]
[Black "Reizniece, Dana"]
[WhiteElo "2093"]
[BlackElo "2275"]
[WhiteCountry "DEN"]
[BlackCountry "LAT"]
[Result "0-1"]

1. Nf3 Nf6 2. b3 g6 3. Bb2 Bg7 4. e3 O-O 5. Be2 b6 6. O-O Bb7 7. c4 c5 8. d4 e6 
9. Nc3 Qe7 10. Qc2 Nc6 11. Rad1 d6 12. Rd2 Rad8 13. Rfd1 cxd4 14. Nxd4 Nxd4 
15. Rxd4 d5 16. R4d2 dxc4 17. Bxc4 Ng4 18. Bf1 Qc7 19. g3 Ne5 20. Bg2 Nf3+ 
21. Bxf3 Bxf3 22. Rxd8 Rxd8 23. Rxd8+ Qxd8 24. Kf1 b5 25. Ke1 a6 26. Ne2 e5 
27. Qd2 Qxd2+ 28. Kxd2 f5 29. Bc3 Kf7 30. Nc1 Be4 31. Nd3 Bxd3 32. Kxd3 e4+ 
33. Kd2 Bf8 34. Ke2 Ke6 35. h3 Kd5 36. Kd2 Be7 37. Ke2 h5 38. h4 Bd8 39. Kd2 a5 
40. Kc2 a4 41. Bb4 axb3+ 42. axb3 Bb6 43. Kd2 f4 44. Ke2 fxg3 45. fxg3 Bc7 
46. Kf2 Ke6 47. Kg2 Kf5 48. Kh3 Bb6 49. Bd2 Bc5 50. Kg2 Kg4 51. b4 Bb6 
52. Be1 Bxe3 53. Bc3 Bb6 54. Be1 Bc7 55. Bf2 Be5 56. Be1 Bd6 57. Kh2 Kf3 
58. Kh3 Be5 
0-1

[Event "34th Chess Olympiad (women)"]
[Site "Istanbul"]
[Date "2000.11.01"]
[Round "5.17.2"]
[White "Voronova, Tatiana"]
[Black "Peicheva-Hansen, Evgenia"]
[WhiteElo "2278"]
[BlackElo "2162"]
[WhiteCountry "LAT"]
[BlackCountry "DEN"]
[Result "0-1"]

1. Nf3 d5 2. g3 Nf6 3. Bg2 c6 4. c4 Bg4 5. Ne5 e6 6. Nxg4 Nxg4 7. cxd5 exd5 
8. Qb3 Qb6 9. Qxb6 axb6 10. O-O Bc5 11. d3 O-O 12. Nc3 b5 13. e3 d4 14. Ne4 Bb6 
15. exd4 Bxd4 16. Nd6 Rd8 17. Nf5 Bf6 18. d4 Bxd4 19. Nxd4 Rxd4 20. h3 Nf6 
21. Be3 Rda4 22. Rad1 Nbd7 23. g4 h6 24. a3 Nf8 25. Rd2 Ne6 26. Rfd1 b4 
27. axb4 Rxb4 28. Rc2 Ra2 29. Rdd2 g5 30. Kh2 Kg7 31. Bf3 Ra1 32. Bg2 Rb1 
33. Bf3 Nh7 34. Be2 Nhf8 35. Bc4 Ra4 36. Bxe6 Nxe6 37. Rd7 Rb4 38. Rdd2 Kg6 
39. Kg2 h5 40. gxh5+ Kxh5 41. Re2 Rb5 42. Red2 c5 43. Re2 b6 44. Red2 Rb4 
45. Re2 Kg6 46. Red2 Rb3 47. Re2 Ng7 48. f3 Ne6 49. Rcd2 Rb4 50. Kf2 Ng7 
51. Kg2 Nf5 52. Bf2 f6 53. Rc2 Nd6 54. Be1 Rc4 55. Rcd2 Nf5 56. Bf2 Rb4 
57. Rc2 Nd4 58. Bxd4 Rxd4 59. Re6 Rb4 60. Ree2 Kf5 61. Kg3 Rd1 62. Re7 Rd3 
63. Rf2 g4 64. hxg4+ Rxg4+ 65. Kh2 Rg6 66. Re4 Rd4 67. Rfe2 Rd3 68. b4 Rd8 
69. Rg2 Rxg2+ 70. Kxg2 Rd4 71. bxc5 bxc5 72. Re2 Kf4 73. Rc2 c4 74. Kf2 f5 
75. Ke2 Ke5 76. Ra2 Rd5 77. Ra8 c3 78. Rc8 Kd4 79. Kd1 Kd3 80. Kc1 Rd4 
81. Re8 f4 82. Re7 Ra4 83. Rd7+ Ke3 84. Kc2 Rc4 85. Rd3+ Ke2 86. Rd8 Kxf3 
87. Rh8 Ke3 88. Re8+ Kf2 89. Rf8 f3 90. Re8 Kf1 91. Ra8 f2 92. Ra1+ Kg2 
93. Kd3 f1Q+ 
0-1

[Event "34th Chess Olympiad (women)"]
[Site "Istanbul"]
[Date "2000.11.01"]
[Round "5.17.3"]
[White "Steffensen, Elena"]
[Black "Ungure, Liga"]
[WhiteElo "2068"]
[BlackElo "2119"]
[WhiteCountry "DEN"]
[BlackCountry "LAT"]
[Result "1-0"]

1. e4 c5 2. Nc3 Nc6 3. f4 e6 4. Nf3 d5 5. e5 Nh6 6. Bb5 Bd7 7. d3 d4 
8. Bxc6 Bxc6 9. Ne4 c4 10. O-O Qb6 11. Ng3 Bc5 12. Ng5 g6 13. a4 Bd5 
14. N5e4 Be7 15. a5 Qc6 16. b3 cxb3 17. cxb3 Nf5 18. Qe2 h5 19. Ba3 h4 
20. Nxf5 gxf5 21. Bxe7 fxe4 22. dxe4 Kxe7 23. Rac1 Qd7 24. exd5 Qxd5 
25. Rc7+ Kf8 26. Rfc1 Rd8 27. Qd3 h3 28. R1c2 hxg2 29. R2c5 Rh4 30. Rxd5 Rxd5 
31. Qg3 Rh5 32. Rc8+ Ke7 33. Qg8 
1-0

[Event "34th Chess Olympiad (women)"]
[Site "Istanbul"]
[Date "2000.11.01"]
[Round "5.18.1"]
[White "Ratcu, Tatiana"]
[Black "Varniene, Rita"]
[WhiteElo "2240"]
[BlackElo "2190"]
[WhiteCountry "BRA"]
[BlackCountry "LTU"]
[Result "1/2-1/2"]

1. d4 Nf6 2. Nf3 e6 3. Nbd2 d5 4. e3 c5 5. c3 Nc6 6. Bd3 Qc7 7. O-O Be7 
8. Qe2 O-O 9. dxc5 Bxc5 10. e4 Be7 11. Re1 b6 12. e5 Nd7 13. Nb3 f6 
14. exf6 Nxf6 15. Nbd4 Nxd4 16. cxd4 Bb4 17. Bd2 Bxd2 18. Qxd2 Qd6 19. Ne5 Bb7 
20. f3 Rac8 21. Rac1 Nd7 22. Nxd7 Qxd7 23. Rxc8 Bxc8 24. Qg5 Qf7 25. Rc1 Bb7 
26. Qe5 Rc8 27. Rxc8+ Bxc8 28. Qb8 Qb7 29. Qxb7 Bxb7 30. Kf2 Kf7 31. h4 h6 
32. g4 g5 33. hxg5 hxg5 34. Ke3 Kf6 35. f4 Bc8 36. Bb5 Kg6 37. Kf3 Kf6 
38. Ke3 Kg6 39. a3 Kf6 40. Kf3 Kg6 41. Bc6 Kf6 42. b4 Kg6 43. b5 Kf6 
44. fxg5+ Kxg5 45. Kg3 a6 46. bxa6 Bxa6 47. Bd7 Bc4 48. Bxe6 Bb3 49. Kf3 Kf6 
50. Bf5 Kg5 51. Ke3 Bc4 52. Bd7 Ba6 53. Kd2 Kf4 54. Bf5 Bc4 55. Kc3 Be2 
56. Be6 Bxg4 57. Bxd5 Bd7 58. Kc4 Kf5 59. Bg8 Ba4 60. Kb4 Bd7 61. Bd5 Kf6 
62. Bb3 Ke7 63. Ba4 Bc8 64. Kb5 Bd7+ 65. Kb4 Bc8 66. Bb3 Bd7 67. Kc4 Kd6 
68. Bd1 Bc6 69. Bh5 Bd7 70. Bf3 Be8 71. Bb7 Bd7 72. Bf3 
1/2-1/2

[Event "34th Chess Olympiad (women)"]
[Site "Istanbul"]
[Date "2000.11.01"]
[Round "5.18.2"]
[White "Domarkaite, Laima"]
[Black "Delai, Paula"]
[WhiteElo "2187"]
[BlackElo "2110"]
[WhiteCountry "LTU"]
[BlackCountry "BRA"]
[Result "1-0"]

1. e4 c5 2. c3 d6 3. d4 Nf6 4. Bd3 g6 5. Ne2 Bg7 6. h3 Nc6 7. Be3 b6 8. Nd2 O-O 
9. O-O cxd4 10. Nxd4 Bb7 11. Qa4 Ne5 12. Bc2 Nfd7 13. f4 Nc5 14. Qa3 Nc6 
15. b4 Nd7 16. Qb3 Rc8 17. Rac1 Qc7 18. Bd3 Nf6 19. Nb5 Qb8 20. c4 Rfd8 
21. Nc3 Qa8 22. Nf3 Nd7 23. Qb1 Nf8 24. a3 Ne6 25. Nd5 Rd7 26. f5 Ned4 
27. Nxd4 Nxd4 28. f6 Bxd5 29. Bxd4 Bh6 30. exd5 Bxc1 31. Qxc1 e5 32. Qh6 
1-0

[Event "34th Chess Olympiad (women)"]
[Site "Istanbul"]
[Date "2000.11.01"]
[Round "5.18.3"]
[White "Ribeiro, Regina"]
[Black "Batyte, Daiva"]
[WhiteElo "2104"]
[BlackElo "2164"]
[WhiteCountry "BRA"]
[BlackCountry "LTU"]
[Result "0-1"]

1. d4 Nf6 2. e3 g6 3. Bd3 Bg7 4. f4 d6 5. Nf3 Nbd7 6. O-O O-O 7. c3 c5 8. f5 e5 
9. fxe6ep fxe6 10. a4 d5 11. Qe1 Re8 12. Qh4 e5 13. Bb5 e4 14. Ne5 Nxe5 
15. Bxe8 Nd3 16. Na3 Be6 17. Bb5 c4 18. b4 a6 19. Bd2 axb5 20. Nxb5 b6 
21. Qg3 Ne8 22. h4 Bf6 23. Be1 Nxe1 24. Qxe1 Bxh4 25. g3 Bg5 26. Ra2 Nf6 
27. g4 Nxg4 28. Qg3 Nxe3 29. Qe5 Bf5 30. Rxf5 gxf5 31. Nc7 Ra7 32. Ne6 Qe8 
33. Qg3 Qxe6 
0-1

[Event "34th Chess Olympiad (women)"]
[Site "Istanbul"]
[Date "2000.11.01"]
[Round "5.19.1"]
[White "Alieva, Elmira"]
[Black "Hagesaether, Ellen"]
[WhiteElo "2240"]
[BlackElo "2044"]
[WhiteCountry "AZE"]
[BlackCountry "NOR"]
[Result "1-0"]

1. d4 Nf6 2. c4 g6 3. g3 Bg7 4. Bg2 O-O 5. Nf3 d6 6. O-O Nbd7 7. Nc3 e5 
8. e4 exd4 9. Nxd4 Nc5 10. h3 Re8 11. Re1 c6 12. b3 a5 13. Bf4 Nh5 14. Be3 Nf6 
15. f3 Nfd7 16. f4 Na6 17. Kh2 Ndc5 18. a3 Bd7 19. Bf2 f5 20. Rc1 fxe4 
21. Nxe4 Nxe4 22. Rxe4 Qf6 23. Rxe8+ Rxe8 24. Qc2 Nc5 25. b4 axb4 26. axb4 Ne6 
27. Nb3 Qb2 28. Qxb2 Bxb2 29. Rd1 Nc7 30. Rxd6 Be6 31. Na5 Re7 32. Rd8+ Kg7 
33. Bc5 Rf7 34. Nxb7 Bf6 35. Bd4 Bd7 36. Bxf6+ Kxf6 37. Nc5 Be8 38. Bxc6 Re7 
39. Bxe8 Nxe8 40. b5 
1-0

[Event "34th Chess Olympiad (women)"]
[Site "Istanbul"]
[Date "2000.11.01"]
[Round "5.19.3"]
[White "Mammadyarova, Zaynab"]
[Black "Johnsen, Sylvia"]
[WhiteElo "2173"]
[BlackElo "2049"]
[WhiteCountry "AZE"]
[BlackCountry "NOR"]
[Result "1-0"]

1. d4 g6 2. Nf3 c6 3. g3 Bg7 4. Bg2 Nf6 5. O-O O-O 6. c4 d5 7. Nc3 dxc4 
8. Ne5 Be6 9. e4 Qc8 10. Qe2 Rd8 11. Rd1 Ng4 12. Nf3 b5 13. d5 Bd7 14. Bf4 e5 
15. Bg5 f6 16. Bd2 c5 17. a4 b4 18. Nb5 Bxb5 19. axb5 Nd7 20. Bh3 f5 
21. Qxc4 h6 22. Nh4 Nb6 23. Qe2 Rd6 24. Rac1 Nf6 25. Nxg6 Nfxd5 26. Bxf5 Qe8 
27. exd5 Rxg6 28. Bxg6 Qxg6 29. Rxc5 Bf8 30. Rc6 Qe8 31. Qg4+ 
1-0

[Event "34th Chess Olympiad (women)"]
[Site "Istanbul"]
[Date "2000.11.01"]
[Round "5.20.1"]
[White "Mohammed, Janer"]
[Black "Moser, Eva"]
[WhiteElo "2000"]
[BlackElo "2332"]
[WhiteCountry "IRQ"]
[BlackCountry "AUT"]
[Result "0-1"]

1. d4 e6 2. c4 f5 3. Nc3 Nf6 4. Nf3 Be7 5. Bf4 d6 6. e3 Nh5 7. Bg3 Nd7 8. Ng5
Ndf6 9. Be2 Nxg3 10. hxg3 c6 11. Qc2 d5 12. O-O-O Qa5 13. a3 Bd7 14. g4 Nxg4
15. Nxh7 Nh6 16. Bh5+ Kd8 17. Bg6 Be8 18. Bxe8 Kxe8 19. Qe2 Rxh7 20. Qh5+ Kd7
21. Qg6 Rhh8 22. Qxg7 Rag8 23. Qe5 Nf7 24. Qf4 Bxa3 25. c5 Qxc3+ 0-1

[Event "34th Chess Olympiad (women)"]
[Site "Istanbul"]
[Date "2000.11.01"]
[Round "5.20.2"]
[White "Mira, Helene"]
[Black "Jamal, Jawan"]
[WhiteElo "2118"]
[BlackElo "2000"]
[WhiteCountry "AUT"]
[BlackCountry "IRQ"]
[Result "1-0"]

1. d4 d5 2. c4 e6 3. Nf3 Nf6 4. Bg5 Nbd7 5. Nc3 c6 6. e3 Qa5 7. Nd2 Bb4 8. Qc2
dxc4 9. Bxf6 Nxf6 10. Nxc4 Bxc3+ 11. bxc3 Qd5 12. f3 O-O 13. Bd3 h6 14. O-O Nd7
15. e4 Qg5 16. f4 Qe7 17. e5 c5 18. Nd6 cxd4 19. cxd4 Nb6 20. Be4 Rb8 21. Rac1
Qd7 22. Qc7 Qa4 23. Qxb8 Qxd4+ 24. Kh1 a6 25. Nxc8 Qc4 1-0

[Event "34th Chess Olympiad (women)"]
[Site "Istanbul"]
[Date "2000.11.01"]
[Round "5.21.1"]
[White "Danielian, Elina"]
[Black "Shabanaj, Eglantina"]
[WhiteElo "2389"]
[BlackElo "2176"]
[WhiteCountry "ARM"]
[BlackCountry "ALB"]
[Result "1-0"]

1. Nf3 f5 2. g3 Nf6 3. Bg2 e6 4. O-O d5 5. d3 Bd6 6. Nbd2 O-O 7. c4 c6 
8. e4 fxe4 9. dxe4 dxe4 10. Ng5 e3 11. fxe3 e5 12. Qc2 g6 13. c5 Bc7 
14. Nc4 Qe7 15. Bd2 Be6 16. Nxe6 Qxe6 17. Qb3 Na6 18. Qxb7 Qxc4 19. Rxf6 Rxf6 
20. Qxa8+ Kg7 21. Qxa7 Qe2 22. Rf1 Rxf1+ 23. Bxf1 Qxd2 24. Bxa6 Qxe3+ 
25. Kg2 Qd2+ 26. Kf3 Qd5+ 27. Ke2 Qe4+ 28. Kd2 Qd4+ 29. Kc2 Qa4+ 30. Kc1 Qa5 
31. a3 Kf6 32. Kb1 e4 33. Qb7 Qa4 34. Be2 Be5 35. Qb6 e3 36. Qd8+ Kf7 
37. Qd7+ Kf6 38. Qd8+ Kf7 39. Qd3 Qd4 40. Qxd4 Bxd4 41. b4 Ke6 42. Kc2 h5 
43. a4 Be5 44. a5 Kd7 45. a6 Kc7 46. Kd3 Bb2 47. Kxe3 Ba3 48. Kf4 Bxb4 
49. Kg5 Bxc5 50. Kxg6 Bg1 51. h3 Bf2 52. g4 hxg4 53. hxg4 Kd6 54. Kf7 Kc7 
55. g5 Bd4 56. g6 c5 57. g7 
1-0

[Event "34th Chess Olympiad (women)"]
[Site "Istanbul"]
[Date "2000.11.01"]
[Round "5.21.2"]
[White "Cima, Rozana"]
[Black "Mkrtchian, Lilit"]
[WhiteElo "2055"]
[BlackElo "2312"]
[WhiteCountry "ALB"]
[BlackCountry "ARM"]
[Result "0-1"]

1. e4 e6 2. d4 d5 3. e5 c5 4. c3 Nc6 5. f4 Qb6 6. Nf3 Bd7 7. Be2 Nh6 
8. O-O cxd4 9. Kh1 Nf5 10. cxd4 Ncxd4 11. Nc3 Nxe2 12. Nxe2 Bc5 13. b3 h5 
14. Bd2 a5 15. a3 Rc8 16. b4 axb4 17. axb4 Bf2 18. b5 h4 19. Qb3 O-O 
20. Ba5 Qe3 21. Qb2 Rc4 22. Bb4 Rxb4 23. Qxb4 Qxe2 24. Rfb1 h3 25. Rb2 hxg2+ 
26. Kxg2 Ne3+ 
0-1

[Event "34th Chess Olympiad (women)"]
[Site "Istanbul"]
[Date "2000.11.01"]
[Round "5.21.3"]
[White "Aginian, Nelly"]
[Black "Shabanaj, Alda"]
[WhiteElo "2205"]
[BlackElo "2000"]
[WhiteCountry "ARM"]
[BlackCountry "ALB"]
[Result "1-0"]

1. e4 c6 2. d4 d5 3. Nd2 dxe4 4. Nxe4 Bf5 5. Ng3 Bg6 6. h4 h6 7. Nf3 Nd7 
8. h5 Bh7 9. Bd3 Bxd3 10. Qxd3 e6 11. Bd2 Ngf6 12. Qe2 Be7 13. O-O-O Qc7 
14. Ne5 Nxe5 15. dxe5 Nd7 16. f4 O-O-O 17. Ne4 Nc5 18. Nc3 Qa5 19. Kb1 Na4 
20. Qc4 Qb4 21. Qxb4 Bxb4 22. Nxa4 Bxd2 23. g3 Rd5 24. b3 Rhd8 25. Nb2 Bc3 
26. Rxd5 Rxd5 27. Nd3 b5 28. a3 c5 29. Nf2 Rd4 30. Nd3 c4 31. bxc4 bxc4 
32. Nb2 Bxb2 33. Kxb2 Re4 34. Rh4 f5 35. exf6ep gxf6 36. Rg4 e5 37. Rg8+ Kb7 
38. f5 Re3 39. g4 Rg3 40. Rg6 Kc7 41. Rxh6 Rxg4 42. Rxf6 Rh4 43. h6 e4 
44. Kc1 c3 45. Kd1 Rh2 46. Re6 Rh1+ 47. Ke2 Rh2+ 48. Ke3 Rxc2 49. Rxe4 Kd6 
50. Kd3 Rc1 51. Rh4 Rd1+ 52. Kc2 
1-0

[Event "34th Chess Olympiad (women)"]
[Site "Istanbul"]
[Date "2000.11.01"]
[Round "5.22.1"]
[White "Milligan, Helen"]
[Black "Hund, Barbara"]
[WhiteElo "2123"]
[BlackElo "2292"]
[WhiteCountry "SCO"]
[BlackCountry "SUI"]
[Result "0-1"]

1. e4 e5 2. Nf3 Nc6 3. d4 exd4 4. Nxd4 Nf6 5. Nxc6 bxc6 6. e5 Qe7 7. Qe2 Nd5 
8. c4 Ba6 9. b3 O-O-O 10. Bb2 f6 11. Qe4 Nb6 12. Nd2 fxe5 13. O-O-O Re8 
14. Nf3 g6 15. Qxe5 Bh6+ 16. Kb1 Qxe5 17. Nxe5 Rhf8 18. Ng4 Bg5 19. h4 Bd8 
20. h5 d5 21. hxg6 hxg6 22. f3 Kb7 23. Ne5 Rf5 24. Nxc6 Kxc6 25. cxd5+ Kb7 
26. Bxa6+ Kxa6 27. d6 cxd6 28. Rxd6 g5 29. a4 Rd5 30. Rd1 Rxd1+ 31. Rxd1 Bc7 
32. Bc1 Rd8 33. Re1 Bf4 34. Bxf4 gxf4 35. Kc2 Nd5 36. Re2 Kb6 37. Re6+ Kc5 
38. Rg6 Ne3+ 39. Kc3 Nd5+ 40. Kb2 Nb4 41. g3 fxg3 42. Rxg3 Rd2+ 43. Kc1 Rf2 
44. Rg7 a5 45. Rg5+ Kd4 46. Rxa5 Nd3+ 47. Kb1 Kc3 
0-1

[Event "34th Chess Olympiad (women)"]
[Site "Istanbul"]
[Date "2000.11.01"]
[Round "5.22.2"]
[White "Ramseier, Jana S"]
[Black "Wilman, Carey"]
[WhiteElo "2156"]
[BlackElo "2066"]
[WhiteCountry "SUI"]
[BlackCountry "SCO"]
[Result "1/2-1/2"]

1. d4 Nf6 2. Nf3 g6 3. g3 Bg7 4. Bg2 d6 5. O-O O-O 6. b3 c5 7. Bb2 Nbd7 
8. Na3 Rb8 9. c4 Qa5 10. Nc2 Ne4 11. Qd3 f5 12. a3 cxd4 13. b4 Qa4 14. Bxd4 Ne5 
15. Bxe5 dxe5 16. Rac1 Be6 17. Na1 Rfd8 18. Qe3 b6 19. Ng5 Nxg5 20. Qxg5 Bf6 
21. Qe3 e4 22. h4 a5 23. bxa5 Qxa5 24. Nc2 Qd2 25. Qb3 b5 26. Nb4 bxc4 
27. Qa4 Qd7 28. Qc2 Ra8 29. Rcd1 Qb5 30. Rxd8+ Rxd8 31. Rb1 Qc5 32. Qa4 c3 
33. Nc2 Kf7 34. Bf1 Qc7 35. e3 Be5 36. Kg2 Rb8 37. Rxb8 Qxb8 38. Bb5 Qc8 
39. Qb4 Bd5 40. Qa5 Qa8 41. Qb4 Qa7 42. a4 Qc7 43. a5 Qd6 44. Qa4 Kg7 
45. a6 Ba8 46. Qc4 Qd1 47. Qe6 Qf3+ 48. Kf1 Qd1+ 49. Kg2 Qf3+ 
1/2-1/2